000 00669nam a2200205 a 4500
003 AM-YeHGA
040 _aAM-YeHGA
090 _c509021
001 000254314
005 20250618075854.0
008 030815s1931 ai 000 | arm d
041 0 _aarm
100 1 _aԱլազան, Վահրամ Մարտիրոսի,
_d1903-1966
_978
245 1 0 _aՅեռագույնի ու մահի յերկրում :
_b[Ակնարկ-սատիրա] /
_cԱլազան.
260 _aՅերևան :
_bՊետհրատ,
_c1931.
300 _a74 էջ ;
_c18 սմ.
504 _aՏողատ. ծանոթ.
650 1 4 _aՀայ գրականություն
_xԱկնարկ
_94573
942 _2udc
_cBK
999 _c505601
_d505601